| 000 | 00468nam a22001937a 4500 | ||
|---|---|---|---|
| 003 | NUST - PNEC | ||
| 005 | 20170116180820.0 | ||
| 008 | 150617b xxu||||| |||| 00| 0 eng d | ||
| 020 | _a- | ||
| 040 | _cLIBRARY | ||
| 082 | _a510 YUS | ||
| 100 |
_94058 _aYusuf s .m |
||
| 245 |
_aMathematical Methods _cS. M.Yusuf |
||
| 250 | _a2nd ed | ||
| 260 |
_aLahore _bilmi kitab khana _cc1995. |
||
| 300 | _a546 p. : | ||
| 650 |
_94061 _aMathematics _xME |
||
| 942 |
_2ddc _cBK |
||
| 999 |
_c63704 _d63704 |
||